000 00203nam a22000977a 4500
100 _aParagon
245 _aIntroducing Biology Evolution
250 _a2015
260 _bBrown Bear Books
942 _2ddc
_cBK
999 _c12860
_d12860